000 00362nam a2200133Ia 4500
008 100328s9999 xx 000 0 und d
082 _b59107
100 _aनाईक वाय.पी.
245 _aनव्यावाटा.
260 _bआभा.
630 _aनव्यावाटा.
730 _aनव्यावाटा.
942 _cBOOK
999 _c545371
_d545368